| 000 | 01186nam a2200217Ia 4500 | ||
|---|---|---|---|
| 003 | OSt | ||
| 005 | 20241004155403.0 | ||
| 007 | ca aa aaaaa | ||
| 008 | 201103s9999 xx 000 0 und d | ||
| 040 | _cSSBUL | ||
| 041 | _abur | ||
| 082 |
_223 _a၂၉၄.၃၀၉၂ အေး _b၉၂၈၀ S-SAT |
||
| 100 | 0 |
_a အေးမောင်၊ ဦး(အငြိမ်းစားရဲ့တပ်ကြပ်ကြီး) _917398 |
|
| 245 | 1 | 0 |
_aသာသနဟိတဓဇ နာယကရသေ့ကြီးဦးခန္တီ၏ ထေရုပ္ပတ္တိနှင့် ရွှေမန်းတောင်သမိုင်းအကျဉ်း / _cဦးအေးမောင်(အငြိမ်းစားရဲတပ်ကြပ်ကြီး)။ |
| 250 | _aစတုတ္ထအကြိမ်။ | ||
| 260 |
_aရန်ကုန် ၊ _bတိုင်းလင်းစာပေ၊ _c၂၀၀၀။ |
||
| 300 |
_a၆၀ စာမျက်နှာ ၊ _c၁၈ စင်တီ။ |
||
| 500 | _aS-SAT: Prof. Dr. Sai Aung Tun | ||
| 650 |
_aရသေ့ကြီး ဦးခန္တီ _xထေရုပ္ပတ္တိ _954899 |
||
| 942 |
_2ddc _cBK1 |
||
| 999 |
_c16814 _d16814 |
||